Pedagogical conditions of the development of sociocultural skills of students training for theory and practice of translation by means of modern Internet-technologies; ASSHM 2014 : 2014 2nd International Conference on Advances in Social Science, Humanities, and Management; Vol. 12
| Parent link: | ASSHM 2014 : 2014 2nd International Conference on Advances in Social Science, Humanities, and Management: December 26-27, 2014, Guangzhou, China.— , 2015 Vol. 12.— 2015.— [P. 93-96] |
|---|---|
| Autor principal: | |
| Autor Corporativo: | |
| Outros Autores: | |
| Resumo: | Title screen The aim of the paper is to reveal pedagogical conditions of the development of sociocultural skills via modern In-ternet-technologies (ICT). The methods of cooperative learning and problem solving tasks by means of Internet technologies have been employed in the process of for-eign language learning by students training for theory and practice of translation. As the result of the research, the authors suggest the following conditions: (1) the devel-opment of learners' ICT competence; (2) the use of di-dactic features and functions of the Internet-technologies; (3) the use of cooperative learning pedagogy; (4) the use of problem-solving tasks and assignments; (5) the devel-opment of teaching algorithm. |
| Idioma: | inglês |
| Publicado em: |
2015
|
| coleção: | Advances in Social Science, Education and Humanities Research |
| Assuntos: | |
| Acesso em linha: | http://dx.doi.org/10.2991/asshm-14.2014.28 |
| Formato: | Recurso Eletrônico Capítulo de Livro |
| KOHA link: | https://koha.lib.tpu.ru/cgi-bin/koha/opac-detail.pl?biblionumber=644299 |
MARC
| LEADER | 00000naa0a2200000 4500 | ||
|---|---|---|---|
| 001 | 644299 | ||
| 005 | 20250606181504.0 | ||
| 035 | |a (RuTPU)RU\TPU\network\9364 | ||
| 035 | |a RU\TPU\network\9361 | ||
| 090 | |a 644299 | ||
| 100 | |a 20151109d2015 k||y0engy50 ba | ||
| 101 | 0 | |a eng | |
| 102 | |a FR | ||
| 135 | |a drcn ---uucaa | ||
| 181 | 0 | |a i | |
| 182 | 0 | |a b | |
| 200 | 1 | |a Pedagogical conditions of the development of sociocultural skills of students training for theory and practice of translation by means of modern Internet-technologies |f I. K. Zabrodina, M. O. Abdrashitova | |
| 203 | |a Text |c electronic | ||
| 225 | 1 | |a Advances in Social Science, Education and Humanities Research | |
| 300 | |a Title screen | ||
| 320 | |a [References: p. 95-96 (8 tit.)] | ||
| 330 | |a The aim of the paper is to reveal pedagogical conditions of the development of sociocultural skills via modern In-ternet-technologies (ICT). The methods of cooperative learning and problem solving tasks by means of Internet technologies have been employed in the process of for-eign language learning by students training for theory and practice of translation. As the result of the research, the authors suggest the following conditions: (1) the devel-opment of learners' ICT competence; (2) the use of di-dactic features and functions of the Internet-technologies; (3) the use of cooperative learning pedagogy; (4) the use of problem-solving tasks and assignments; (5) the devel-opment of teaching algorithm. | ||
| 461 | |t ASSHM 2014 : 2014 2nd International Conference on Advances in Social Science, Humanities, and Management |o December 26-27, 2014, Guangzhou, China |d 2015 | ||
| 463 | |t Vol. 12 |v [P. 93-96] |d 2015 | ||
| 610 | 1 | |a электронный ресурс | |
| 610 | 1 | |a труды учёных ТПУ | |
| 610 | 1 | |a социокультурные навыки | |
| 610 | 1 | |a культура | |
| 610 | 1 | |a обучение | |
| 610 | 1 | |a интернет-технологии | |
| 610 | 1 | |a педагогические условия | |
| 700 | 1 | |a Zabrodina |b I. K. |c Linguist |c Associate Professor of Tomsk Polytechnic University, Candidate of pedagogical sciences |f 1983- |g Irina Konstantinovna |3 (RuTPU)RU\TPU\pers\35555 | |
| 701 | 1 | |a Abdrashitova |b M. O. |c linguist |c Associate Professor of Tomsk Polytechnic University, candidate of philological sciences |f 1980- |g Mariya Ovseevna |3 (RuTPU)RU\TPU\pers\34817 | |
| 712 | 0 | 2 | |a Национальный исследовательский Томский политехнический университет (ТПУ) |b Институт развития стратегического партнерства и компетенций (ИСПК) |b Кафедра методики преподавания иностранных языков (МПИЯ) |3 (RuTPU)RU\TPU\col\18976 |
| 801 | 2 | |a RU |b 63413507 |c 20151112 |g RCR | |
| 850 | |a 63413507 | ||
| 856 | 4 | |u http://dx.doi.org/10.2991/asshm-14.2014.28 | |
| 942 | |c CF | ||